Geography by Pictures (Medium-Hard) - S - Statistics

General Stats
  • This quiz has been taken 71 times
  • The average score is 6 of 14
Answer Stats
Picture Hint Answer % Correct
Landmark in Russia Saint Basil's Cathedral
74%
State of Canada Saskatchewan
71%
Bay in the U.S. San Francisco Bay
63%
Indonesian Island Sumatra
63%
Sea in Asia South China Sea
60%
Yemeni Island Socotra Island
58%
City in Indonesia Surabaya
45%
Mountain Range in the U.S. Sierra Nevada
35%
City in Poland Szczecin
34%
State of Germany Schleswig-Holstein
29%
Province of China Sichuan
27%
River in Europe Sava River
19%
Salt Flat (Playa) in Bolivia Salar de Uyuni
15%
Landmark in Myanmar Shwedagon Pagoda
5%
No matching quizzes found
Score Distribution
Percent of People with Each Score
Percentile by Number Answered
Your Score History
You have not taken this quiz